Trastornos psicológicos en el siglo XXI

Guardat en:
Dades bibliogràfiques
Autor principal: Roldán Franco, María Angustias (Autor)
Format: Llibre
Idioma:espanyol
Publicat: Madrid Universidad Pontificia Comillas 2008
Edició:1a. ed
Col·lecció:Reflexiones Comillas Psicología, 1
Matèries:
Etiquetes: Afegir etiqueta
Sense etiquetes, Sigues el primer a etiquetar aquest registre!

MARC

LEADER 00000cam a2200000 a 4500
001 UCC0499
003 CL-VaPUC
008 170818e20080000sp |||||||||||||||||spa|d
020 |a 9788484682394 
082 0 4 |a 616.89  |b ROL  |2 21 
100 0 |a Roldán Franco, María Angustias  |e author  |9 594491 
245 1 0 |a Trastornos psicológicos en el siglo XXI 
250 |a 1a. ed 
300 |a 159 p 
942 |c BK 
945 |d 20170818 15:36:00  |a dcastane 
260 |a Madrid  |b Universidad Pontificia Comillas  |c 2008 
650 0 |a Trastornos mentales  |9 307475 
650 7 |a TRASTORNOS NEUROLOGICOS  |2 CL-VaPUC  |9 434216 
650 0 |a Trastornos de la personalidad   |9 307698 
583 |a last modification  |c 20170818 15:36:00  |k Rodrigo Vera 
490 0 |a Reflexiones Comillas Psicología, 1 
999 |c 369328  |d 369326 
952 |0 0  |1 0  |3 erb  |4 0  |6 616_890000000000000_ROL_2008  |7 0  |8 A  |9 485077  |a BIBEDU  |b BIBEDU  |c ES_NOD  |i 5414822  |l 1  |o 616.89 ROL 2008  |p 5414822  |r 2023-08-09  |s 2022-06-28  |w 2019-11-24  |y BK  |z Catalogado en:20170818  |k PSI